书目信息 |
| 题名: |
近代翻译话语研究
|
|
| 作者: | 杨丽华 著 | |
| 分册: | ||
| 出版信息: | 广州 世界图书出版广东有限公司 2014.06 |
|
| 页数: | 261页 | |
| 开本: | 21cm | |
| 丛书名: | ||
| 单 册: | ||
| 中图分类: | H059 | |
| 科图分类: | ||
| 主题词: | 翻译 | |
| 电子资源: | ||
| ISBN: | 7-5100-7637-4 | |
| 000 | 00547nam0 2200193 450 | |
| 001 | 1832623864 | |
| 005 | 20180912090544.09 | |
| 010 | @a7-5100-7637-4@dCNY30.00 | |
| 100 | @a20180912d2014 km y0chiy0120 ea | |
| 101 | 0 | @achi |
| 102 | @aCN@b440000 | |
| 200 | 1 | @a近代翻译话语研究@Ajin dai fan yi hua yu yan jiu@f杨丽华著@Fyang li hua zhu |
| 210 | @a广州@c世界图书出版广东有限公司@d2014.06 | |
| 215 | @a261页@d21cm | |
| 606 | 0 | @a翻译 |
| 690 | @aH059@v4 | |
| 701 | 0 | @a杨丽华@Ayang li hua@4著 |
| 801 | 0 | @aCN@bMUSE@c20180912 |
| 905 | @aMUSE@dH059@eY222 | |
| 近代翻译话语研究/杨丽华著.-广州:世界图书出版广东有限公司,2014.06 |
| 261页;21cm |
| ISBN 7-5100-7637-4:CNY30.00 |
| ● |
| 相关链接 |
|
|
|
正题名:近代翻译话语研究
索取号:H059/Y222
 
预约/预借
| 序号 | 登录号 | 条形码 | 馆藏地/架位号 | 状态 | 备注 |
| 1 | 1281850 | 212818502 | 外国语学院资料室/ [索取号:H059/Y222] | 在馆 |